[Event "23rd Asia-ch (w)"]
[Site "Xingtai CHN"]
[Date "2019.06.07"]
[Round "1"]
[White "Wang Doudou"]
[Black "Kharisma Sukandar, Irine"]
[Result "0-1"]
[WhiteElo "2188"]
[BlackElo "2378"]
[EventDate "2019.06.07"]
[PlyCount "114"]

1.d4 d5 2.Nf3 Nf6 3.Bf4 e6 4.e3 c5 5.c3 Bd6 6.Bxd6 Qxd6 7.Nbd2 Nbd7 8.Bd3 
O-O 9.O-O e5 10.dxe5 Nxe5 11.Nxe5 Qxe5 12.Nf3 Qe7 13.c4 dxc4 14.Bxc4 Bg4 
15.Be2 Rad8 16.Qc2 g6 17.Rfd1 Bf5 18.Qc3 Rfe8 19.Rxd8 Rxd8 20.Rd1 Rxd1+ 
21.Bxd1 Be4 22.h3 Qd6 23.Be2 Bxf3 24.Bxf3 b6 25.a3 h5 26.Be2 Ne4 27.Qc2 
Qe5 28.Bc4 Kg7 29.Be2 Nd6 30.Qd2 b5 31.Qc2 a5 32.Qd2 b4 33.axb4 cxb4 34.
Bf1 Qc5 35.Qd1 Nc8 36.Be2 Nb6 37.Kf1 a4 38.Kg1 Kh7 39.g3 b3 40.Bf1 Qd5 41.
Qc1 Nd7 42.Qc3 Nc5 43.Bg2 Qd1+ 44.Kh2 Qc2 45.Qf6 Qc4 46.Bf1 Qe6 47.Qd4 Qb6
48.Qc4 Kg8 49.Qd4 Qc7 50.Qb4 Qe5 51.Bg2 Kg7 52.Qc4 h4 53.Kh1 hxg3 54.fxg3 
Qxe3 55.Kh2 a3 56.bxa3 b2 57.Qc2 Qc1 0-1

[Event "23rd Asia-ch (w)"]
[Site "Xingtai CHN"]
[Date "2019.06.07"]
[Round "1"]
[White "Vaishali, Ramesh Babu"]
[Black "Mordido, Kylen Joy"]
[Result "1-0"]
[WhiteElo "2338"]
[BlackElo "2133"]
[EventDate "2019.06.07"]
[PlyCount "42"]

1.e4 c5 2.Nf3 d6 3.d4 cxd4 4.Nxd4 a6 5.Be2 Nf6 6.Nc3 Qc7 7.O-O e6 8.f4 
Nbd7 9.a4 b6 10.Bf3 Bb7 11.Qe2 Rb8 12.Be3 Be7 13.g4 Nc5 14.Qg2 g6 15.e5 
dxe5 16.fxe5 Qxe5 17.Rae1 Bd6 18.Bc6+ Bxc6 19.Qxc6+ Ncd7 20.Nf3 Qa5 21.
Qxd6 Nxg4 1-0

[Event "23rd Asia-ch (w)"]
[Site "Xingtai CHN"]
[Date "2019.06.07"]
[Round "1"]
[White "Kiran, Manisha Mohanty"]
[Black "Vo Thi Kim Phung"]
[Result "0-1"]
[WhiteElo "2090"]
[BlackElo "2337"]
[EventDate "2019.06.07"]
[PlyCount "74"]

1.e4 e6 2.d4 d5 3.Nc3 Bb4 4.a3 Bxc3+ 5.bxc3 dxe4 6.Qg4 Nf6 7.Qxg7 Rg8 8.
Qxh7 c5 9.Ne2 Bd7 10.Bg5 Rg6 11.Qh4 Bc6 12.d5 exd5 13.Nf4 Rxg5 14.Qxg5 
Nbd7 15.Be2 Qa5 16.Qg3 O-O-O 17.O-O Rg8 18.Qh3 Kb8 19.a4 Qc7 20.Qf5 b6 21.
h4 Qd6 22.Nh5 Nxh5 23.Qxh5 Qf4 24.g3 Qf6 25.Kh2 Rg6 26.Ra3 Ne5 27.c4 d4 
28.a5 a6 29.f4 exf3 30.Bxf3 Ng4+ 31.Kg1 Ne3 32.Rxe3 dxe3 33.Bxc6 Qxc6 34.
Qe5+ Qd6 35.Qxd6+ Rxd6 36.Re1 Re6 37.Kg2 e2 0-1

[Event "23rd Asia-ch (w)"]
[Site "Xingtai CHN"]
[Date "2019.06.07"]
[Round "1"]
[White "Gomes, Mary Ann"]
[Black "San Diego, Marie Antoinette"]
[Result "1/2-1/2"]
[WhiteElo "2314"]
[BlackElo "2080"]
[EventDate "2019.06.07"]
[PlyCount "85"]

1.Nf3 c5 2.b3 Nf6 3.Bb2 e6 4.g3 d5 5.Bg2 Nc6 6.O-O Be7 7.e3 O-O 8.c4 b6 9.
d3 Bb7 10.Qe2 Qc7 11.Nc3 Rad8 12.Rac1 Qb8 13.Rfd1 Rfe8 14.Qf1 Bf8 15.Ne2 
e5 16.cxd5 Nxd5 17.Nc3 Nxc3 18.Bxc3 g6 19.Nd2 Bg7 20.a4 Ne7 21.Bxb7 Qxb7 
22.Nc4 Nd5 23.Be1 f5 24.e4 Nc7 25.Qg2 Ne6 26.Bc3 Nd4 27.Bxd4 Rxd4 28.f3 
Red8 29.Qe2 Qd7 30.Rc2 fxe4 31.fxe4 Rxd3 32.Rcd2 Rd4 33.Rxd4 exd4 34.Qd3 
Qe6 35.Kg2 Re8 36.Re1 Bh6 37.e5 Qd5+ 38.Re4 Bg7 39.Kh3 Qe6+ 40.Kg2 Qd5 41.
Kh3 Qe6+ 42.Kg2 Qd5 43.Kh3 1/2-1/2

[Event "23rd Asia-ch (w)"]
[Site "Xingtai CHN"]
[Date "2019.06.07"]
[Round "1"]
[White "Mahdian, Anousha"]
[Black "Li Xueyi"]
[Result "0-1"]
[WhiteElo "2078"]
[BlackElo "2305"]
[EventDate "2019.06.07"]
[PlyCount "62"]

1.c4 e5 2.Nc3 Nf6 3.Nf3 Nc6 4.e3 Be7 5.d4 exd4 6.Nxd4 Nxd4 7.Qxd4 O-O 8.
Be2 d6 9.b3 Be6 10.Bf3 Rb8 11.Bb2 a6 12.Rc1 b5 13.cxb5 axb5 14.Bc6 b4 15.
Ne4 Rb6 16.O-O Ra6 17.Qxb4 Rxa2 18.Nxf6+ Bxf6 19.Bxf6 Qxf6 20.Qb7 Bc8 21.
Qxc7 Ba6 22.Qa7 Qb2 23.Bd5 h6 24.Rb1 Qd2 25.Rbd1 Bxf1 26.Rxd2 Rxa7 27.Kxf1
Rc8 28.Bc4 Rc6 29.Ke2 Kf8 30.h4 Ke7 31.g4 Rc5 0-1

[Event "23rd Asia-ch (w)"]
[Site "Xingtai CHN"]
[Date "2019.06.07"]
[Round "1"]
[White "Hoang Thi Bao Tram"]
[Black "Galas, Bernadette"]
[Result "1-0"]
[WhiteElo "2293"]
[BlackElo "2073"]
[EventDate "2019.06.07"]
[PlyCount "65"]

1.d4 d6 2.Nf3 g6 3.g3 Bg7 4.Bg2 f5 5.c3 Nf6 6.Qb3 e6 7.O-O O-O 8.Nbd2 Kh8 
9.Ne1 d5 10.Nd3 Nc6 11.Re1 Ne4 12.Nf1 Rb8 13.Be3 a5 14.Rad1 b5 15.Qc2 Rb6 
16.Qc1 b4 17.f3 Nd6 18.Nc5 bxc3 19.bxc3 Nc4 20.Bg5 Qe8 21.e4 fxe4 22.fxe4 
Qf7 23.Re2 e5 24.Ne3 Nxe3 25.Bxe3 exd4 26.cxd4 dxe4 27.Nxe4 Nb4 28.d5 Nxd5
29.Ng5 Qe7 30.Bxd5 Bg4 31.Bxb6 Qxe2 32.Re1 Qb5 33.Bc5 1-0

[Event "23rd Asia-ch (w)"]
[Site "Xingtai CHN"]
[Date "2019.06.07"]
[Round "1"]
[White "Tan Li Ting"]
[Black "Li Yunshan"]
[Result "0-1"]
[WhiteElo "2066"]
[BlackElo "2264"]
[EventDate "2019.06.07"]
[PlyCount "51"]

1.Nf3 Nf6 2.c4 c5 3.g3 d5 4.cxd5 Nxd5 5.Nc3 Nc6 6.Bg2 g6 7.d3 Bg7 8.Bd2 
O-O 9.O-O e6 10.a3 b6 11.Rb1 Bb7 12.Nxd5 exd5 13.b4 c4 14.b5 Na5 15.Bb4 
Re8 16.Ne1 Rc8 17.dxc4 dxc4 18.Bxb7 Qxd1 19.Rxd1 Nxb7 20.e3 Re5 21.Rd8+ 
Rxd8 22.Nf3 Nc5 23.Rc1 c3 24.Nd4 Nd3 25.Rxc3 Nxb4 26.axb4 0-1

[Event "23rd Asia-ch (w)"]
[Site "Xingtai CHN"]
[Date "2019.06.07"]
[Round "1"]
[White "Kurbonboeva, Sarvinoz"]
[Black "Yan Tianqi"]
[Result "1-0"]
[WhiteElo "2259"]
[BlackElo "2036"]
[EventDate "2019.06.07"]
[PlyCount "89"]

1.d4 Nf6 2.c4 e6 3.Nf3 d5 4.Nc3 Bb4 5.Bg5 Nbd7 6.e3 O-O 7.cxd5 exd5 8.Bd3 
c6 9.Qc2 h6 10.Bh4 Be7 11.O-O Re8 12.Bg3 Bf8 13.h3 b6 14.Rab1 a5 15.e4 
dxe4 16.Nxe4 Bb7 17.Rbd1 c5 18.Nxf6+ Qxf6 19.d5 Bd6 20.Bb5 Re7 21.Nh4 g6 
22.f4 Nf8 23.Nf3 Bxf4 24.Ne5 Rxe5 25.Rxf4 Qg7 26.Rf2 Rxd5 27.Bc4 Rxd1+ 28.
Qxd1 Ne6 29.Qd7 Nd8 30.Bc7 Bc6 31.Qd6 Qe5 32.Qxg6+ Qg7 33.Qf5 b5 34.Bd5 
Qh7 35.Qg4+ Kf8 36.Bd6+ Ke8 37.Re2+ Ne6 38.Bxe6 fxe6 39.Qxe6+ Kd8 40.Be7+ 
Kc7 41.Qd6+ Kb7 42.Bd8 Qd7 43.Re7 Rxd8 44.Rxd7+ Rxd7 45.Qxh6 1-0

[Event "23rd Asia-ch (w)"]
[Site "Xingtai CHN"]
[Date "2019.06.07"]
[Round "1"]
[White "Dauletova, Gulmira"]
[Black "Hamid, Rani"]
[Result "1-0"]
[WhiteElo "2252"]
[BlackElo "1929"]
[EventDate "2019.06.07"]
[PlyCount "65"]

1.e4 c5 2.Nf3 e6 3.d4 cxd4 4.Nxd4 a6 5.Bd3 Nc6 6.Nxc6 bxc6 7.O-O Qc7 8.Nd2
Nf6 9.Qe2 e5 10.b3 Bc5 11.Bb2 O-O 12.Kh1 d6 13.f4 Re8 14.Nc4 a5 15.fxe5 
dxe5 16.Ne3 Bxe3 17.Qxe3 Ng4 18.Qg3 Qe7 19.Bc1 h5 20.h3 h4 21.Qf3 Nh6 22.
Qh5 Be6 23.Bxh6 gxh6 24.Qxh6 a4 25.Rad1 axb3 26.axb3 Red8 27.Rf6 Qc5 28.
Qxh4 Kf8 29.Rh6 Ke8 30.Rh8+ Kd7 31.Rxd8+ Rxd8 32.Bc4+ Bd5 33.exd5 1-0

[Event "23rd Asia-ch (w)"]
[Site "Xingtai CHN"]
[Date "2019.06.07"]
[Round "1"]
[White "Kojima, Natsumi"]
[Black "Mahalakshmi, Mugunda Kumar"]
[Result "0-1"]
[WhiteElo "1711"]
[BlackElo "2245"]
[EventDate "2019.06.07"]
[PlyCount "92"]

1.e4 c5 2.Nf3 d6 3.Bb5+ Nd7 4.O-O a6 5.Bd3 Ngf6 6.c3 b5 7.Bc2 Bb7 8.Qe2 e5
9.d3 Be7 10.Rd1 O-O 11.Nbd2 Qc7 12.Nf1 d5 13.Ng3 Rfe8 14.Nf5 Bf8 15.N3h4 
Qc6 16.a4 dxe4 17.dxe4 c4 18.Ng3 Nc5 19.f3 g6 20.Nf1 Ne6 21.g3 b4 22.cxb4 
Nd4 23.Qf2 Bxb4 24.Be3 a5 25.Kh1 Rad8 26.Rac1 Qe6 27.Rxd4 exd4 28.Bxd4 Rd7
29.Ng2 Red8 30.Nf4 Qe7 31.Bb6 Rc8 32.Bd4 Bc5 33.Be3 Bxe3 34.Nxe3 Qb4 35.
Bd1 Rd2 36.Qf1 Qxb2 37.Rxc4 Rxh2+ 38.Kg1 Rd2 39.Rxc8+ Bxc8 40.Qc4 Bb7 41.
Bb3 Qa1+ 42.Qf1 Qd4 43.Ng2 Rxg2+ 44.Kxg2 Qxe3 45.Qc4 Qd2+ 46.Kf1 Qd7 0-1

[Event "23rd Asia-ch (w)"]
[Site "Xingtai CHN"]
[Date "2019.06.08"]
[Round "2"]
[White "Li Xueyi"]
[Black "Saduakasova, Dinara"]
[Result "0-1"]
[WhiteElo "2305"]
[BlackElo "2458"]
[EventDate "2019.06.07"]
[PlyCount "64"]

1.d4 Nf6 2.c4 e6 3.Nc3 Bb4 4.e3 O-O 5.Bd3 c5 6.Ne2 d5 7.O-O cxd4 8.exd4 
dxc4 9.Bxc4 Nc6 10.Bg5 Be7 11.a3 a6 12.Bf4 b5 13.Ba2 b4 14.Na4 bxa3 15.
bxa3 Bxa3 16.Bxe6 Bxe6 17.Rxa3 Bc4 18.Nac3 Re8 19.Qa4 Bxe2 20.Nxe2 Rxe2 
21.Qxc6 Re6 22.Qb7 Nd5 23.Bg5 f6 24.Ra5 Rd6 25.Bd2 Rb8 26.Qa7 Rb2 27.Bc1 
Rbb6 28.Re1 Rbc6 29.Ba3 Re6 30.Rb1 Nc3 31.g3 Nxb1 32.d5 Qxa5 0-1

[Event "23rd Asia-ch (w)"]
[Site "Xingtai CHN"]
[Date "2019.06.08"]
[Round "2"]
[White "Zhai Mo"]
[Black "Gomes, Mary Ann"]
[Result "1-0"]
[WhiteElo "2358"]
[BlackElo "2314"]
[EventDate "2019.06.07"]
[PlyCount "81"]

1.d4 Nf6 2.c4 e6 3.Nf3 Bb4+ 4.Bd2 Qe7 5.g3 b6 6.Bg2 Bb7 7.O-O Bxd2 8.Qxd2 
O-O 9.Nc3 d6 10.Qc2 c5 11.Rad1 Na6 12.e4 cxd4 13.Nxd4 Rac8 14.Ndb5 Rfd8 
15.Qe2 Ba8 16.Rd2 Ne8 17.Rfd1 Nb4 18.h4 a6 19.Nd4 Nc6 20.Qe3 Nxd4 21.Rxd4 
Qc7 22.Bf1 h6 23.R4d2 Nf6 24.Qf4 Nh5 25.Qe3 Nf6 26.a4 Ng4 27.Qf4 Ne5 28.c5
Qxc5 29.Bxa6 Rc7 30.Be2 Bc6 31.Rd4 Ng6 32.Qd2 d5 33.exd5 exd5 34.b4 Qe7 
35.Bf3 Ne5 36.Bg2 Rcd7 37.Qe2 Qf6 38.Nxd5 Qe6 39.Nf4 Rxd4 40.Rxd4 Qe7 41.
Rxd8+ 1-0

[Event "23rd Asia-ch (w)"]
[Site "Xingtai CHN"]
[Date "2019.06.08"]
[Round "2"]
[White "San Diego, Marie Antoinette"]
[Black "Mendoza, Shania Mae"]
[Result "1/2-1/2"]
[WhiteElo "2080"]
[BlackElo "2171"]
[EventDate "2019.06.07"]
[PlyCount "46"]

1.d4 d5 2.Nf3 Nf6 3.Bf4 c6 4.e3 Bf5 5.Bd3 Bxd3 6.Qxd3 e6 7.Nbd2 Be7 8.h3 
O-O 9.O-O Nbd7 10.c4 c5 11.dxc5 dxc4 12.Nxc4 Nxc5 13.Qe2 Qd3 14.Qxd3 Nxd3 
15.Bd6 Bxd6 16.Nxd6 b6 17.b3 Rfd8 18.Nc4 h6 19.Rfd1 Ne4 20.Rf1 Nf6 21.Rfd1
Ne4 22.Rf1 Nf6 23.Rfd1 Ne4 1/2-1/2

[Event "23rd Asia-ch (w)"]
[Site "Xingtai CHN"]
[Date "2019.06.08"]
[Round "2"]
[White "Batkhuyag, Munguntuul"]
[Black "Frayna, Janelle Mae"]
[Result "1-0"]
[WhiteElo "2420"]
[BlackElo "2157"]
[EventDate "2019.06.07"]
[PlyCount "64"]

1.e4 e6 2.d4 d5 3.Nc3 Bb4 4.e5 c5 5.a3 Bxc3+ 6.bxc3 Ne7 7.Qg4 cxd4 8.Bd3 
Qc7 9.Ne2 dxc3 10.Qxg7 Rg8 11.Qxh7 Qxe5 12.h4 Nd7 13.Bf4 Qf6 14.Bg5 Qh8 
15.Qxh8 Rxh8 16.Nxc3 a6 17.O-O-O f6 18.Be3 Ne5 19.Be2 Nf5 20.Bb6 Rg8 21.h5
Bd7 22.h6 Rc8 23.h7 Rh8 24.g4 Ne7 25.f4 N5g6 26.Rdf1 Rxc3 27.Bd4 Rc8 28.
Bxf6 Kf7 29.Bb2 Rhd8 30.f5 exf5 31.gxf5 Bxf5 32.Bd3 Ke6 1-0

[Event "23rd Asia-ch (w)"]
[Site "Xingtai CHN"]
[Date "2019.06.08"]
[Round "2"]
[White "Mohota, Nisha"]
[Black "Mahdian, Anousha"]
[Result "1/2-1/2"]
[WhiteElo "2236"]
[BlackElo "2078"]
[EventDate "2019.06.07"]
[PlyCount "34"]

1.d4 d5 2.Nf3 Nf6 3.e3 c6 4.Bd3 Bg4 5.h3 Bxf3 6.Qxf3 Nbd7 7.Qd1 e5 8.O-O 
Bd6 9.b3 Qe7 10.c4 O-O 11.Bb2 a6 12.Nd2 e4 13.Bc2 b5 14.Qe2 Bc7 15.Rfc1 
Ne8 16.f4 f5 17.Kh1 g5 1/2-1/2

[Event "23rd Asia-ch (w)"]
[Site "Xingtai CHN"]
[Date "2019.06.08"]
[Round "2"]
[White "Swathi, Ghate"]
[Black "Galas, Bernadette"]
[Result "0-1"]
[WhiteElo "2220"]
[BlackElo "2073"]
[EventDate "2019.06.07"]
[PlyCount "122"]

1.e4 c5 2.Nf3 Nc6 3.Bb5 g6 4.Bxc6 dxc6 5.d3 Bg7 6.h3 e5 7.Be3 b6 8.O-O Qc7
9.a3 a5 10.Nbd2 Nf6 11.b4 Nd7 12.bxc5 bxc5 13.Nb3 Qd6 14.a4 f5 15.exf5 
gxf5 16.Re1 O-O 17.Rb1 Kh8 18.Nbd2 Qd5 19.Bg5 Ba6 20.Bh4 Rae8 21.Nc4 Bc8 
22.Nb6 Nxb6 23.Rxb6 e4 24.Ng5 h6 25.Qh5 Kg8 26.Nf3 f4 27.Qxd5+ cxd5 28.
dxe4 dxe4 29.Nd2 Bc3 30.Re2 e3 31.fxe3 fxe3 32.Nf3 Re4 33.Be1 Bg7 34.Bxa5 
Rxa4 35.Be1 Re8 36.Rb8 Rae4 37.Bg3 Ba6 38.Rxe8+ Rxe8 39.Re1 Bc3 40.Rb1 Be2
41.Be1 Bg7 42.Kh2 Re4 43.Rb8+ Kh7 44.Rb7 Bxf3 45.gxf3 Rc4 46.c3 Kg6 47.Re7
Bxc3 48.Rxe3 Bf6 49.Re2 Kf5 50.Kg2 Rc1 51.Bd2 Rc2 52.Kf1 Bg5 53.Ba5 Rc1+ 
54.Kg2 Bf6 55.Bd2 Rc2 56.Kf1 h5 57.Be3 Rc3 58.Kg2 c4 59.Bf2 Rd3 60.Re4 c3 
61.Rc4 Be5 0-1

[Event "23rd Asia-ch (w)"]
[Site "Xingtai CHN"]
[Date "2019.06.08"]
[Round "2"]
[White "Yan Tianqi"]
[Black "Wang Doudou"]
[Result "1/2-1/2"]
[WhiteElo "2036"]
[BlackElo "2188"]
[EventDate "2019.06.07"]
[PlyCount "137"]

1.e4 e5 2.Nf3 Nc6 3.Bb5 a6 4.Ba4 Nge7 5.O-O d6 6.c3 Bd7 7.Re1 Ng6 8.d4 Be7
9.Nbd2 h6 10.Nf1 Bg5 11.Ng3 Bxc1 12.Rxc1 O-O 13.h3 Re8 14.Nf5 Qf6 15.d5 
Nb8 16.Bxd7 Nxd7 17.g3 Kh7 18.Nh2 Ne7 19.Ng4 Qg6 20.Nh4 Qg5 21.Qc2 Kh8 22.
Kh2 Ng6 23.Nf5 Ne7 24.Nh4 Ng6 25.Nf3 Qh5 26.Qe2 f5 27.exf5 Qxf5 28.Ne3 Qf7
29.Nd2 Nf6 30.c4 Rf8 31.Rf1 Rae8 32.f3 Nf4 33.Qd1 N6h5 34.Ng4 Nd3 35.Rc3 
Nc5 36.b4 Nd7 37.Ne4 Ndf6 38.Rc1 Qg6 39.Qe2 Nxg4+ 40.hxg4 Nf6 41.Rce1 Re7 
42.Kg2 Ref7 43.a3 Kg8 44.Qe3 b6 45.Rf2 Ra8 46.a4 a5 47.b5 Raf8 48.Qe2 h5 
49.Nxf6+ Rxf6 50.gxh5 Qxh5 51.Rh1 Qg5 52.Qe4 Rg6 53.Qh4 Qxh4 54.Rxh4 Rf5 
55.Re2 Rgf6 56.Re3 Rf8 57.Kf2 g6 58.Kg2 Kg7 59.Kf2 g5 60.Rg4 Kg6 61.Kg2 
R8f7 62.Kf2 Rh7 63.Kg2 Rhf7 64.Kf2 R5f6 65.Kg2 Kf5 66.Re1 Rh6 67.Rh1 Rfh7 
68.Rxh6 Rxh6 69.Re4 1/2-1/2

[Event "23rd Asia-ch (w)"]
[Site "Xingtai CHN"]
[Date "2019.06.08"]
[Round "2"]
[White "Gu Tianlu"]
[Black "Tan Li Ting"]
[Result "1/2-1/2"]
[WhiteElo "2183"]
[BlackElo "2066"]
[EventDate "2019.06.07"]
[PlyCount "77"]

1.e4 e5 2.Nf3 Nc6 3.Bc4 Nf6 4.d3 Be7 5.Nc3 d6 6.a4 O-O 7.h3 Na5 8.Ba2 c5 
9.O-O a6 10.Nh2 Nc6 11.f4 exf4 12.Bxf4 Nb4 13.Bb3 Be6 14.Bxe6 fxe6 15.Ne2 
Nh5 16.c3 Nc6 17.Qb3 Qd7 18.Ng4 b5 19.axb5 axb5 20.Rxa8 Rxa8 21.Ne3 Nxf4 
22.Nxf4 Nd8 23.Ned5 Rb8 24.Nxe7+ Qxe7 25.d4 c4 26.Qa3 Nf7 27.Qa6 e5 28.Nd5
Qb7 29.Qa3 Re8 30.dxe5 Rxe5 31.Rf4 h6 32.h4 Re6 33.Qa5 Re5 34.Qa3 Re8 35.
Qa1 Ne5 36.Nb4 Nc6 37.Nd5 Ne5 38.Nb4 Nc6 39.Nd5 1/2-1/2

[Event "23rd Asia-ch (w)"]
[Site "Xingtai CHN"]
[Date "2019.06.08"]
[Round "2"]
[White "Pham Bich Ngoc"]
[Black "Xia Ri Feng"]
[Result "1-0"]
[WhiteElo "2167"]
[BlackElo "1991"]
[EventDate "2019.06.07"]
[PlyCount "89"]

1.c4 Nf6 2.Nc3 e6 3.g3 d5 4.Bg2 d4 5.Ne4 c5 6.Nxf6+ Qxf6 7.d3 Nc6 8.Nf3 e5
9.O-O Be7 10.a3 O-O 11.Rb1 Bg4 12.Bg5 Qe6 13.Bxe7 Qxe7 14.h3 Bh5 15.Qd2 f5
16.b4 e4 17.Nh2 cxb4 18.axb4 e3 19.Qb2 exf2+ 20.Rxf2 Qg5 21.b5 Ne7 22.Nf1 
Rad8 23.Bxb7 f4 24.g4 Rf6 25.Nh2 Bf7 26.Qa3 Rh6 27.Bg2 Nc8 28.Rbf1 Qe5 29.
Rxf4 Qe3+ 30.Kh1 Rf6 31.Rxf6 gxf6 32.Qa6 Qxe2 33.Qxf6 Rd7 34.Nf3 Rd6 35.
Qg5+ Bg6 36.Ne5 Qe3 37.Bd5+ Rxd5 38.Qxe3 dxe3 39.cxd5 Be8 40.Nc6 Bg6 41.
Re1 Bxd3 42.Rxe3 Bg6 43.Nxa7 Nd6 44.b6 Bf7 45.Nc8 1-0

[Event "23rd Asia-ch (w)"]
[Site "Xingtai CHN"]
[Date "2019.06.08"]
[Round "2"]
[White "Mordido, Kylen Joy"]
[Black "Kojima, Natsumi"]
[Result "1/2-1/2"]
[WhiteElo "2133"]
[BlackElo "1711"]
[EventDate "2019.06.07"]
[PlyCount "79"]

1.c4 e5 2.g3 Nf6 3.Bg2 c6 4.d4 exd4 5.Qxd4 Na6 6.Nc3 Bc5 7.Qd1 O-O 8.Nf3 
Re8 9.O-O Nc7 10.Qc2 d5 11.cxd5 Ncxd5 12.Nxd5 Qxd5 13.Ng5 Qd6 14.Bf4 Qe7 
15.Rfd1 h6 16.Nf3 Bb6 17.e3 Nd5 18.Be5 Bxe3 19.Re1 Qc5 20.Bc3 Nxc3 21.bxc3
Bf5 22.Qb2 Qb6 23.Qxb6 Bxb6 24.Ne5 Rad8 25.Nc4 Bc5 26.Na5 Rxe1+ 27.Rxe1 
Rd2 28.Kh1 Bxf2 29.Ra1 Be6 30.Nxb7 Bxa2 31.Bxc6 Bd5+ 32.Bxd5 Rxd5 33.Na5 
Rc5 34.c4 Bd4 35.Ra4 Rf5 36.Nc6 Rf1+ 37.Kg2 Rf2+ 38.Kh1 Rf1+ 39.Kg2 Rf2+ 
40.Kh1 1/2-1/2

[Event "23rd Asia-ch (w)"]
[Site "Xingtai CHN"]
[Date "2019.06.09"]
[Round "3"]
[White "Saduakasova, Dinara"]
[Black "Ren Xiaoyi"]
[Result "1-0"]
[WhiteElo "2458"]
[BlackElo "2255"]
[EventDate "2019.06.07"]
[PlyCount "123"]

1.Nf3 d5 2.g3 Nf6 3.Bg2 g6 4.d4 Bg7 5.c4 c6 6.Qb3 O-O 7.O-O Nbd7 8.Nc3 Nb6
9.cxd5 Nfxd5 10.e4 Nxc3 11.bxc3 Be6 12.Qc2 Nc4 13.Ng5 Bd7 14.e5 Rc8 15.Qe2
Nb6 16.Ba3 h6 17.e6 hxg5 18.exd7 Qxd7 19.Qxe7 Qxe7 20.Bxe7 Rfe8 21.Bxg5 
Re2 22.Bf3 Rb2 23.Rfb1 Rc2 24.Rc1 Rb2 25.a4 a5 26.Be3 Nd5 27.Rab1 Rxb1 28.
Rxb1 Nxe3 29.fxe3 b5 30.Ra1 Bf8 31.Kf2 b4 32.cxb4 Bxb4 33.Rc1 c5 34.Rc4 
Kf8 35.h4 f5 36.g4 Ke7 37.gxf5 gxf5 38.h5 Kd6 39.Kg3 Re8 40.Kf4 cxd4 41.
exd4 Rf8 42.Rc6+ Kd7 43.Ra6 Bc3 44.Ke5 Re8+ 45.Kxf5 Re3 46.Be4 Bxd4 47.
Rxa5 Ke7 48.Rd5 Bb2 49.Rb5 Bd4 50.Rb7+ Kf8 51.h6 Rh3 52.h7 Rh6 53.Bc2 Rh2 
54.Bb3 Bc3 55.Rc7 Bb2 56.Bc4 Rf2+ 57.Ke4 Rh2 58.a5 Rh4+ 59.Kd3 Be5 60.Rc8+
Kg7 61.a6 Bd4 62.h8=Q+ 1-0

[Event "23rd Asia-ch (w)"]
[Site "Xingtai CHN"]
[Date "2019.06.09"]
[Round "3"]
[White "Kulkarni, Bhakti"]
[Black "Mahalakshmi, Mugunda Kumar"]
[Result "1-0"]
[WhiteElo "2380"]
[BlackElo "2245"]
[EventDate "2019.06.07"]
[PlyCount "93"]

1.d4 Nf6 2.c4 e6 3.g3 d5 4.Bg2 g6 5.Nf3 Bg7 6.Nc3 O-O 7.O-O b6 8.cxd5 exd5
9.Ne5 Bb7 10.Qb3 Ne4 11.Rd1 Nxc3 12.bxc3 Nd7 13.Bf4 Nf6 14.Bg5 h6 15.Bxf6 
Bxf6 16.Ng4 Bg7 17.Ne3 c6 18.Rac1 Qe7 19.c4 dxc4 20.Nxc4 Rac8 21.e3 Rfd8 
22.a4 h5 23.h4 g5 24.hxg5 Qxg5 25.Nd2 Qe7 26.a5 h4 27.gxh4 c5 28.Bxb7 Qxb7
29.dxc5 Qd7 30.Ne4 Qg4+ 31.Ng3 bxc5 32.Rxd8+ Rxd8 33.Rxc5 Qxh4 34.Kg2 Qf6 
35.Qb7 a6 36.Rc6 Rd6 37.Rb6 Qe5 38.Qxa6 Rd2 39.Qa8+ Bf8 40.a6 Qxe3 41.Rf6 
Qd4 42.Rf3 Qd5 43.Qc8 Rd4 44.a7 Ra4 45.Nh5 Qxh5 46.Rg3+ Kh7 47.Qc2+ 1-0

[Event "23rd Asia-ch (w)"]
[Site "Xingtai CHN"]
[Date "2019.06.09"]
[Round "3"]
[White "Li Yunshan"]
[Black "Kharisma Sukandar, Irine"]
[Result "0-1"]
[WhiteElo "2264"]
[BlackElo "2378"]
[EventDate "2019.06.07"]
[PlyCount "78"]

1.d4 Nf6 2.c4 e6 3.Nc3 Bb4 4.Nf3 O-O 5.e3 d5 6.Bd2 b6 7.cxd5 exd5 8.Rc1 
Re8 9.Bd3 Ba6 10.Bxa6 Nxa6 11.Qa4 Qc8 12.O-O Qb7 13.Ne5 c5 14.Qc6 Rab8 15.
a3 Bxc3 16.Bxc3 c4 17.a4 Ne4 18.f3 Nxc3 19.Rxc3 f6 20.Qxb7 Rxb7 21.Ng4 Nb4
22.Nf2 a6 23.e4 Rd8 24.Rd1 Rbd7 25.exd5 Nxd5 26.Rcc1 b5 27.Ne4 Nf4 28.Rc2 
Rxd4 29.Rxd4 Rxd4 30.axb5 axb5 31.Nc3 b4 32.Nb5 Rd1+ 33.Kf2 c3 34.Ke3 b3 
35.Rxc3 Nd5+ 36.Ke2 Nxc3+ 37.Nxc3 Rg1 38.Kf2 Rc1 39.Na4 Rc4 0-1

[Event "23rd Asia-ch (w)"]
[Site "Xingtai CHN"]
[Date "2019.06.09"]
[Round "3"]
[White "Munkhzul, Turmunkh"]
[Black "Vo Thi Kim Phung"]
[Result "1/2-1/2"]
[WhiteElo "2371"]
[BlackElo "2337"]
[EventDate "2019.06.07"]
[PlyCount "75"]

1.e4 e6 2.d3 d5 3.Qe2 Nf6 4.Nf3 c5 5.g3 Nc6 6.Bg2 Be7 7.O-O O-O 8.e5 Nd7 
9.c4 d4 10.Re1 h6 11.h4 a6 12.Nbd2 Qc7 13.Nf1 b5 14.b3 Bb7 15.h5 Nb6 16.
N1h2 bxc4 17.bxc4 Na4 18.Qc2 Nc3 19.a3 Bd8 20.Bd2 Qe7 21.Ng4 Rb8 22.Rf1 
Ba5 23.Rfe1 Bd8 24.Kh2 Na5 25.Bxc3 dxc3 26.Reb1 Nc6 27.Qxc3 Ba5 28.Qc1 
Rfd8 29.Rb3 Ba8 30.Rab1 Rbc8 31.Qe3 Rd7 32.Nd2 Bxd2 33.Qxd2 Rcd8 34.Qe3 
Nd4 35.Rb8 Nf5 36.Qe2 Nd4 37.Qe3 Nf5 38.Qe2 1/2-1/2

[Event "23rd Asia-ch (w)"]
[Site "Xingtai CHN"]
[Date "2019.06.09"]
[Round "3"]
[White "Kurbonboeva, Sarvinoz"]
[Black "Karavade, Eesha"]
[Result "1/2-1/2"]
[WhiteElo "2259"]
[BlackElo "2370"]
[EventDate "2019.06.07"]
[PlyCount "61"]

1.d4 Nf6 2.c4 e6 3.Nf3 d5 4.g3 dxc4 5.Bg2 Bd7 6.Ne5 Bc6 7.Nxc6 Nxc6 8.O-O 
Qd7 9.e3 Rd8 10.Qa4 Nb4 11.Qxd7+ Rxd7 12.Na3 c5 13.dxc5 Bxc5 14.Nxc4 Nd3 
15.Bd2 Nxb2 16.Nxb2 Rxd2 17.Na4 Ba3 18.Bxb7 O-O 19.Rfd1 Rfd8 20.Bf3 g5 21.
h3 h5 22.g4 hxg4 23.hxg4 Kg7 24.Rab1 Rxd1+ 25.Rxd1 Rxd1+ 26.Bxd1 Ne4 27.
Bc2 Nd6 28.Nc3 Kf6 29.Ne4+ Nxe4 30.Bxe4 Ke5 31.Bc2 1/2-1/2

[Event "23rd Asia-ch (w)"]
[Site "Xingtai CHN"]
[Date "2019.06.09"]
[Round "3"]
[White "Dauletova, Gulmira"]
[Black "Zhai Mo"]
[Result "0-1"]
[WhiteElo "2252"]
[BlackElo "2358"]
[EventDate "2019.06.07"]
[PlyCount "94"]

1.e4 e5 2.Nf3 Nc6 3.Bb5 Nf6 4.d3 Bc5 5.O-O d6 6.c3 O-O 7.Nbd2 Bd7 8.Ba4 a5
9.h3 Re8 10.Re1 Qb8 11.Nf1 b5 12.Bc2 Qa7 13.Be3 Bxe3 14.Nxe3 b4 15.Nd5 
Nxd5 16.exd5 Ne7 17.d4 f6 18.Nh4 bxc3 19.dxe5 fxe5 20.bxc3 Rf8 21.Re3 Rf6 
22.Qd3 g6 23.Rf1 Qc5 24.c4 Raf8 25.Qe2 Rf4 26.Re4 Nxd5 27.cxd5 Bb5 28.Bd3 
Bxd3 29.Qxd3 Rxe4 30.Qxe4 Rf4 31.Qe3 Rxh4 32.Qxc5 dxc5 33.Re1 c4 34.Rxe5 
c3 35.Re2 Kf7 36.Rc2 Rc4 37.Kf1 Kf6 38.Ke2 Ke5 39.Kd3 Kxd5 40.Rxc3 Rxc3+ 
41.Kxc3 g5 42.Kd3 h5 43.g3 h4 44.a4 g4 45.Ke2 hxg3 46.fxg3 gxh3 47.Kf2 c5 
0-1

[Event "23rd Asia-ch (w)"]
[Site "Xingtai CHN"]
[Date "2019.06.09"]
[Round "3"]
[White "Mendoza, Shania Mae"]
[Black "Batkhuyag, Munguntuul"]
[Result "0-1"]
[WhiteElo "2171"]
[BlackElo "2420"]
[EventDate "2019.06.07"]
[PlyCount "96"]

1.e4 c5 2.Nf3 e6 3.g3 Nc6 4.Bg2 Nf6 5.Qe2 e5 6.c3 Be7 7.O-O O-O 8.Rd1 Qb6 
9.Na3 d6 10.Nc4 Qa6 11.d3 Be6 12.Bg5 Rad8 13.b3 h6 14.Bxf6 Bxf6 15.Ne3 Ne7
16.c4 g6 17.a3 Bg7 18.b4 b6 19.b5 Qc8 20.a4 f5 21.a5 f4 22.Nf1 g5 23.N3d2 
g4 24.f3 h5 25.axb6 axb6 26.Ra6 Nc6 27.Nb3 Nb4 28.Ra7 Rd7 29.Rda1 Rdf7 30.
Rxf7 Rxf7 31.Rc1 Qf8 32.Nfd2 Bh6 33.gxf4 Rxf4 34.Kh1 Kh8 35.Rf1 Qf6 36.
fxg4 hxg4 37.Kg1 Bg5 38.Nb1 Qh6 39.Nc3 Rxf1+ 40.Bxf1 Be3+ 41.Kh1 g3 42.Qg2
Bf4 43.Ne2 Nxd3 44.Nxg3 Bh3 45.Qa2 Bxg3 46.Bxd3 Bg4 47.Qd2 Bf4 48.Qb2 Qh3 
0-1

[Event "23rd Asia-ch (w)"]
[Site "Xingtai CHN"]
[Date "2019.06.09"]
[Round "3"]
[White "Vaishali, Ramesh Babu"]
[Black "Pham Bich Ngoc"]
[Result "1-0"]
[WhiteElo "2338"]
[BlackElo "2167"]
[EventDate "2019.06.07"]
[PlyCount "39"]

1.e4 g6 2.Nf3 Bg7 3.d4 d6 4.Nc3 f5 5.Bc4 Nc6 6.exf5 Bxf5 7.O-O Nf6 8.Bg5 
h6 9.Bxf6 Bxf6 10.Nd5 Bg7 11.Re1 Qd7 12.Nh4 Bxd4 13.Nxf5 gxf5 14.Bb5 Rh7 
15.Bxc6 Qxc6 16.Qxd4 Kd7 17.Re3 e5 18.Nf6+ Kc8 19.Qd3 e4 20.Qb3 1-0

[Event "23rd Asia-ch (w)"]
[Site "Xingtai CHN"]
[Date "2019.06.09"]
[Round "3"]
[White "Zhang Xiao"]
[Black "Li Xueyi"]
[Result "0-1"]
[WhiteElo "2234"]
[BlackElo "2305"]
[EventDate "2019.06.07"]
[PlyCount "117"]

1.d4 Nf6 2.c4 e6 3.Nf3 b6 4.g3 Bb7 5.Bg2 g6 6.Nc3 Bg7 7.Qc2 O-O 8.O-O d5 
9.Ne5 c6 10.Rd1 Nbd7 11.e4 dxe4 12.Bg5 h6 13.Nxd7 Qxd7 14.Bxf6 Bxf6 15.
Nxe4 Bg7 16.c5 Rab8 17.a4 Qc7 18.a5 bxa5 19.Qa4 e5 20.dxe5 Qxe5 21.Qxa5 
Bc8 22.b4 Bg4 23.f3 Bf5 24.Rab1 Qe7 25.Rd6 Be5 26.Rxc6 Qd7 27.Rd6 Qe7 28.
Rd5 Rfd8 29.c6 Bc7 30.Rxd8+ Bxd8 31.Qd5 Bb6+ 32.Kh1 Rd8 33.Qb3 Rd4 34.b5 
h5 35.Rd1 Qb4 36.Qc2 Bxe4 37.fxe4 Rxd1+ 38.Qxd1 Qxb5 39.Qc1 Qe5 40.Bf3 Bc7
41.Qd2 a5 42.Qd5 Qc3 43.Kg2 a4 44.Bd1 h4 45.gxh4 Qb2+ 46.Kf3 Bb6 47.Bxa4 
Qf2+ 48.Kg4 Qg2+ 49.Kf4 Qxh2+ 50.Kg4 Qg2+ 51.Kf4 Qf2+ 52.Kg4 Bc7 53.e5 
Qf5+ 54.Kg3 Bxe5+ 55.Kg2 Qg4+ 56.Kf1 Qf4+ 57.Kg2 Qxa4 58.Qxe5 Qxc6+ 59.Kg3
0-1